Score 0/24 Timer 05:00
0 Plays Today
% Correct
Wild Rice
95.2%
Walrus
93.9%
Wham!
93.9%
Wheel of Fortune
91.8%
Whole Foods
91.2%
Waffle
90.7%
Who Wants to Be a Millionaire?
90.6%
Weezer
87.4%
The Wind in the Willows
87.1%
Walnut
82%
Walmart
82%
The White Stripes
81.8%
% Correct
A Wrinkle in Time
80.5%
The Weakest Link
79.9%
Wuthering Heights
72.3%
Weasel
70.5%
Warthog
67.5%
Win Ben Stein's Money
64.4%
Watership Down
57.6%
Western Union
52.9%
Watermelon
52.2%
Wrangler
46.2%
Wildebeest
37.4%
Whitesnake
23.8%

You're not logged in!

Compare scores with friends on all Sporcle quizzes.
OR
Log In

Sporcle TV

Today on Sporcle TV


Watch our educational content, quiz creation guides, and fun videos on Sporcle TV.

Show Comments

Extras

Top Quizzes Today


Score Distribution

Your Account Isn't Verified!

In order to create a playlist on Sporcle, you need to verify the email address you used during registration. Go to your Sporcle Settings to finish the process.

Report this User

Report this user for behavior that violates our Community Guidelines.

Details: